El latido de la ciudad : (Record no. 86807)

MARC details
000 -CABECERA
campo de control de longitud fija 00769nam a2200217 a 4500
005 - FECHA Y HORA DE LA ÚLTIMA TRANSACCIÓN
campo de control 20241207063742.0
008 - ELEMENTOS DE LONGITUD FIJA--INFORMACIÓN GENERAL
campo de control de longitud fija 011011s1993 mx r 000 0 spa d
020 ## - NÚMERO INTERNACIONAL NORMALIZADO PARA LIBROS
Número Internacional Estándar del Libro 8470437194
035 ## - NÚMERO DE CONTROL DEL SISTEMA
Número de control de sistema UPN01000112899
049 ## - COLECCIÓN
Colección CG
050 #4 - SIGNATURA TOPOGRÁFICA DE LA BIBLIOTECA DEL CONGRESO
Número de clasificación HM134
Número de documento/Ítem P6.4 no. 4.4
100 1# - ASIENTO PRINCIPAL--NOMBRE PERSONAL
Nombre de persona Gómez Palacios, José Joaquín
9 (RLIN) 28879
245 13 - MENCIÓN DE TÍTULO
Título El latido de la ciudad :
Resto del título recursos para una animación humanizadora /
Mención de responsabilidad, etc. José J. Gómez Palacios.
260 ## - PUBLICACIÓN, DISTRIBUCIÓN, ETC.
Lugar de publicación, distribución, etc. Madrid, Esp. :
Nombre del editor, distribuidor, etc. CCS,
Fecha de publicación, distribución, etc. 1993.
300 ## - DESCRIPCIÓN FÍSICA
Extensión 247 p. :
Material acompañante/anejo il.
440 #0 - MENCIÓN DE SERIE/ASIENTO SECUNDARIO--TÍTULO
Título Plan de formación de animadores.
Nombre de parte o sección de la obra Bloque 4.
-- El saber hacer del animador.
-- Educación social ;
Designación de volumen o secuencia 4.4
650 #2 - ASIENTO SECUNDARIO DE MATERIA - TERMINO TEMATICO
Término de materia o nombre geográfico como elemento de entrada Animación sociocultural
9 (RLIN) 1050
650 #4 - ASIENTO SECUNDARIO DE MATERIA - TERMINO TEMATICO
Término de materia o nombre geográfico como elemento de entrada GRUPOS SOCIALES -
Subdivisión general TRABAJO
9 (RLIN) 16589
650 #2 - ASIENTO SECUNDARIO DE MATERIA - TERMINO TEMATICO
Término de materia o nombre geográfico como elemento de entrada Educación urbana
9 (RLIN) 15201
905 ## - TIPO DE MATERIAL
Tipo de material Libro
Holdings
Estado de retiro Estado de pérdida Fuente del sistema de clasificación o colocación Estado dañado No para préstamo Código de colección Localización permanente Ubicación/localización actual Ubicación en estantería Total de préstamos Clasificación Código de barras Fecha visto por última vez Número de copia Tipo de ítem Koha
    Library of Congress Classification     Colección General Bib. Gregorio Torres Quintero Bib. Gregorio Torres Quintero Planta baja   HM134 P6.4 no. 4.4 219340 31/12/2020 1 Libro
    Library of Congress Classification     Colección General Bib. Gregorio Torres Quintero Bib. Gregorio Torres Quintero Planta baja   HM134 P6.4 no. 4.4 219339 31/12/2020 1 Libro
    Library of Congress Classification     Colección General Bib. Gregorio Torres Quintero Bib. Gregorio Torres Quintero Planta baja   HM134 P6.4 no. 4.4 176722 31/12/2020 1 Libro
    Library of Congress Classification     Colección General Bib. Gregorio Torres Quintero Bib. Gregorio Torres Quintero Planta baja   HM134 P6.4 no. 4.4 176721 31/12/2020 1 Libro